书目信息 |
| 题名: |
中外教育史考研真题与典型题详解
|
|
| 作者: | 金圣才 主编 | |
| 分册: | ||
| 出版信息: | 北京 中国石化出版社 2006 |
|
| 页数: | 401页 | |
| 开本: | 26cm | |
| 丛书名: | 2007年考研真题详解系列 | |
| 单 册: | ||
| 中图分类: | G519-44 | |
| 科图分类: | ||
| 主题词: | 教育史--世界--研究生--入学考试--题解 | |
| 电子资源: | ||
| ISBN: | 7-80164-971-0 | |
| 000 | 00797nam0 2200229 450 | |
| 001 | 012006025594 | |
| 005 | 20061121164134.76 | |
| 010 | @a7-80164-971-0@dCNY48.80 | |
| 100 | @a20060413d2006 em y0chiy0110 ea | |
| 101 | 0 | @achi |
| 102 | @aCN@b110000 | |
| 105 | @ay z 000yy | |
| 200 | 1 | @a中外教育史考研真题与典型题详解@9zhong wai jiao yu shi kao yan zhen ti yu dian xing ti xiang jie@f金圣才主编 |
| 210 | @a北京@c中国石化出版社@d2006 | |
| 215 | @a401页@d26cm | |
| 225 | 1 | @a2007年考研真题详解系列 |
| 330 | @a本书共分10章,每章由考点难点归纳、考研真题与对考研真题与典型题的整理、考研真题与典型题详解三部分。 | |
| 606 | 0 | @a教育史@y世界@x研究生@x入学考试@j题解 |
| 690 | @aG519-44@v4 | |
| 701 | 0 | @a金圣才@9jin sheng cai@4主编 |
| 801 | 0 | @aCN@bRENTIAN@c20061121 |
| 905 | @a10447@dG519-44@e53 | |
| 中外教育史考研真题与典型题详解/金圣才主编.-北京:中国石化出版社,2006 |
| 401页;26cm.-(2007年考研真题详解系列) |
| ISBN 7-80164-971-0:CNY48.80 |
| 本书共分10章,每章由考点难点归纳、考研真题与对考研真题与典型题的整理、考研真题与典型题详解三部分。 |
| ● |
| 相关链接 |
|
|
|
|
正题名:中外教育史考研真题与典型题详解
索取号:G519-44/53
 
预约/预借
| 序号 | 登录号 | 条形码 | 馆藏地/架位号 | 状态 | 备注 |
| 1 | 0393866 | 203938668 | 第一样本阅览室/ [索取号:G519-44/53] | 在馆 | |
| 2 | 0393867 | 203938677 | 第四借阅区/ [索取号:G519-44/53] | 在馆 | |
| 3 | 0393868 | 203938686 | 第四借阅区/ [索取号:G519-44/53] | 在馆 | |
| 4 | 0393869 | 203938695 | 第四借阅区/ [索取号:G519-44/53] | 在馆 | |
| 5 | 0393870 | 203938702 | 第四借阅区/ [索取号:G519-44/53] | 在馆 |